| 000 | 00893nam a2200265Ia 4500 | ||
|---|---|---|---|
| 999 |
_c65226 _d65226 |
||
| 003 | GCL | ||
| 005 | 20240530110813.0 | ||
| 008 | 140319s9999 xx 000 0 ara d | ||
| 040 |
_aGCL / _cGCL |
||
| 082 | 0 | 4 |
_221 _a780.91 _bق م |
| 100 | 0 | _aقسطندى رزق | |
| 245 | 1 | 0 |
_aالموسيقى الشرقية والغناء العربى / _cقسطندى رزق |
| 260 |
_aالقاهرة : _bمكتبة الدار العربية للكتاب ، _c1993 |
||
| 300 |
_a2 مج ؛ _c24 سم |
||
| 650 | 0 | 4 | _aالموسيقى |
| 650 | 0 | 4 | _aالموسيقيون المصريون |
| 650 | 0 | 4 | _aالغناء |
| 650 | 0 | 4 | _aالمطربون والمطربات |
| 650 | 0 | 4 | _aالموسيقى الشرقية |
| 650 | 0 | 4 | _aالاغانى العربية |
| 650 | 0 | 4 | _aالموسيقى والدولة |
| 650 | 0 | 4 | _aتاريخ ونقد |
| 650 | 0 | 4 | _aعبده الحمولى |
| 942 |
_2ddc _cBK |
||